Liverpool: The Premier League Years - Statistics

General Stats
  • This quiz has been taken 1,083 times
    2 since last reset
  • The average score is 30 of 47
Answer Stats
Answer % Correct
Alisson Becker
100%
Arne Slot
100%
Brendan Rodgers
100%
Daniel Sturridge
100%
Fernando Torres
100%
Georginio Wijnaldum
100%
Gérard Houllier
100%
Hugo Ekitiké
100%
Jamie Carragher
100%
John Arne Riise
100%
Jordan Henderson
100%
Jürgen Klopp
100%
Kenny Dalglish
100%
Luis Suárez
100%
Mohamed Salah
100%
Philippe Coutinho
100%
Rafael Benítez
100%
Roberto Firmino
100%
Sadio Mané
100%
Sami Hyypiä
100%
Steven Gerrard
100%
Virgil van Dijk
100%
Graeme Souness
50%
Ian Rush
50%
Jamie Redknapp
50%
Jermaine Pennant
50%
John Barnes
50%
Lucas Leiva
50%
Mark Wright
50%
Martin Škrtel
50%
Michael Owen
50%
Milan Baroš
50%
Paul Ince
50%
Peter Crouch
50%
Robbie Fowler
50%
Roy Evans
50%
Roy Hodgson
50%
Simon Mignolet
50%
Danny Murphy
0%
David James
0%
Dirk Kuyt
0%
José Reina
0%
Luis Díaz
0%
Luis García
0%
Sander Westerveld
0%
Steve McManaman
0%
Stig Inge Bjørnebye
0%
No matching quizzes found
Score Distribution
Percent of People with Each Score
Percentile by Number Answered
Your Score History
You have not taken this quiz since the last reset